000 00650nam a2200241Ia 4500
003 OSt
005 20221005070008.0
006 a|||||r|||| 00| 0
007 ta
008 221004b |||||||| |||| 00| 0 mar d
024 _a40967
037 _cTextual
040 _aCRL
_cCRL
_bmar
041 _2mar
_amar
082 _aO155,3N15,17, L7
100 _aJoshi J. Au.
_9605077
245 0 _aRaghunathachi barvar
260 _aMumbai
_bMajestic book store India
_c1977
300 _a506p.
_ccm.
650 _aMARATHI LITERATURE
_938000
942 _hO155,3N15,17, L7
_cTEXL
_2cc
999 _c975515
_d975515